| 000 | 00903nas a2200301 4500 | ||
|---|---|---|---|
| 001 | BR0402906 | ||
| 003 | BR-BrBNA | ||
| 005 | 20231205104623.0 | ||
| 007 | ta | ||
| 008 | 230509b bl.|||p| |||| 00| 00por d | ||
| 040 |
_aBR-BrBNA _bpor _cBiblioteca Nacional de Agricultura |
||
| 041 | _a(Pt) | ||
| 072 | _aK10; K50 | ||
| 100 | 1 | _aAbreu, L.C.M. de | |
| 100 | 1 | _aSilva, M.L. da | |
| 100 | 1 | _aSouza, A.L. de | |
| 100 | 1 | _aSoares, V.P. | |
| 245 | 1 | _aDiagnóstico de consumo e suprimento de produtos madeireiros no setor moveleiro do município de Úba - MG | |
| 650 | _aEUCALIPTO | ||
| 650 | _aMADEIRA SERRADA | ||
| 650 | _aCONSUMO | ||
| 650 | _aMÓVEL | ||
| 650 | _aMODELO MATEMÁTICO | ||
| 650 | _aMINAS GERAIS | ||
| 773 | 0 |
_tRevista Árvore (Brazil) _xISSN 0100-6762 _g(Mar-Apr 2002), v. 26(2) p. 155-164 _wBR0402906 |
|
| 909 |
_a202311 _bLúcia _c55 _dLúcia Elande |
||
| 942 |
_2AGRIS _n0 _cANA |
||
| 999 |
_c178989 _d178989 |
||